Cyclisme : top 3 de chaque étape du Tour de France 2022 - Statistiques

Statistiques générales
  • Ce quiz a été pris 3 308 fois
  • Le résultat moyen est 39 sur 63
Statistiques - réponses
Étapes Pos Coureur % Correct
Étape 6 1er Tadej Pogacar
99%
Étape 7 1er Tadej Pogacar
99%
Étape 17 1er Tadej Pogacar
99%
2ème Tadej Pogacar
99%
3ème Tadej Pogacar
99%
3ème Tadej Pogacar
99%
3ème Tadej Pogacar
99%
Étape 11 1er Jonas Vingegaard
98%
Étape 18 1er Jonas Vingegaard
98%
2ème Jonas Vingegaard
98%
2ème Jonas Vingegaard
98%
2ème Jonas Vingegaard
98%
Étape 4 1er Wout Van Aert
94%
Étape 8 1er Wout Van Aert
94%
Étape 20 1er Wout Van Aert
94%
2ème Wout Van Aert
94%
2ème Wout Van Aert
94%
2ème Wout Van Aert
94%
2ème Wout Van Aert
94%
3ème Wout Van Aert
94%
Étape 15 1er Jasper Philipsen
82%
Étape 21 1er Jasper Philipsen
82%
2ème Jasper Philipsen
82%
2ème Jasper Philipsen
82%
3ème Jasper Philipsen
82%
3ème David Gaudu
72%
Étape 2 1er Fabio Jakobsen
70%
Étape 19 1er Christophe Laporte
69%
3ème Christophe Laporte
69%
3ème Romain Bardet
68%
3ème Thibaut Pinot
67%
Étape 1 1er Yves Lampaert
65%
Étape 12 1er Tom Pidcock
55%
3ème Primoz Roglic
52%
Étape 13 1er Mads Pedersen
51%
3ème Mads Pedersen
51%
3ème Mads Pedersen
51%
2ème Nairo Quintana
51%
Étape 3 1er Dylan Groenewegen
50%
2ème Dylan Groenewegen
50%
Étape 10 1er Magnus Cort Nielsen
47%
Étape 14 1er Michael Matthews
45%
2ème Michael Matthews
45%
2ème Michael Matthews
45%
Étape 16 1er Hugo Houle
42%
3ème Hugo Houle
42%
Étape 9 1er Bob Jungels
41%
3ème Chris Froome
35%
2ème Valentin Madouas
35%
Étape 5 1er Simon Clarke
34%
2ème Louis Meintjes
25%
3ème Michael Woods
25%
2ème Alberto Bettiol
23%
3ème Brandon McNulty
23%
3ème Alexander Kristoff
20%
2ème Taco Van der Hoorn
20%
2ème Jonathan Castroviejo
16%
2ème Fred Wright
15%
3ème Luis León Sanchez
15%
3ème Edvald Boasson-Hagen
14%
2ème Nick Schultz
14%
3ème Carlos Verona
12%
3ème Alberto Dainese
8%
Aucun quiz correspondant
Distribution des résultats
% des personnes avec chaque résultat
Percentile par nombre de réponses
Votre historique - résultats
Vous n’avez pas pris ce quiz